Loading...
| Fine Arts - Visual | 3 | 6 | 0 | 0 | 105 | 64 | 98.44 | 5 | 9 | 0.00 | 0.00 |
| Literature - European | 5 | 3 | 0 | 0 | 105 | 67 | 93.88 | 5 | 8 | 0.00 | 0.00 |
| Literature - British | 2 | 7 | 1 | 1 | 95 | 64 | 105.67 | 5 | 8 | 0.00 | 0.00 |
| Philosophy | 3 | 5 | 2 | 0 | 85 | 50 | 90.88 | 6 | 7 | 0.00 | 0.00 |
| Social Science | 3 | 5 | 2 | 1 | 85 | 64 | 87.38 | 2 | 8 | 0.00 | 0.00 |
| Literature - World | 2 | 4 | 1 | 0 | 65 | 60 | 98.50 | 3 | 6 | 0.00 | 0.00 |
| History - World | 2 | 4 | 1 | 1 | 65 | 49 | 83.83 | 3 | 6 | 0.00 | 0.00 |
| Literature - American | 2 | 3 | 1 | 0 | 55 | 52 | 93.00 | 2 | 5 | 0.00 | 0.00 |
| History - Ancient/Other | 2 | 3 | 1 | 1 | 55 | 68 | 99.20 | 2 | 4 | 0.00 | 0.00 |
| Religion | 0 | 6 | 1 | 1 | 55 | 85 | 106.17 | 1 | 5 | 0.00 | 0.00 |
| Science - Other | 1 | 4 | 1 | 1 | 50 | 68 | 95.80 | 2 | 2 | 0.00 | 0.00 |
| History - European | 3 | 2 | 4 | 0 | 45 | 36 | 64.80 | 3 | 5 | 0.00 | 0.00 |
| History - American | 1 | 2 | 1 | 2 | 30 | 60 | 94.00 | 1 | 2 | 0.00 | 0.00 |
| Fine Arts - Other | 1 | 1 | 0 | 0 | 25 | 75 | 86.50 | 1 | 2 | 0.00 | 0.00 |
| Current Events | 1 | 0 | 0 | 0 | 15 | 78 | 78.00 | 0 | 1 | 0.00 | 0.00 |
| Fine Arts - Auditory | 0 | 2 | 1 | 0 | 15 | 110 | 115.50 | 0 | 2 | 0.00 | 0.00 |
| Geography | 0 | 1 | 0 | 0 | 10 | 132 | 132.00 | 0 | 0 | 0.00 | 0.00 |
| Other Academic | 0 | 1 | 0 | 0 | 10 | 100 | 100.00 | 1 | 1 | 0.00 | 0.00 |
| Mythology | 0 | 1 | 1 | 0 | 5 | 127 | 127.00 | 0 | 0 | 0.00 | 0.00 |